V Trenčíne začínajú fungovať prvé súkromné vodárne a kanalizácie
Rozhodnutie vlády V. Mečiara o privatizácii odštepného závodu Západoslovenských vodární a kanalizácií (ZVaK), š.p. Bratislava v Trenčíne. Transformácia odštepného závodu. Od októbra 1998 začala fungovať Trenčianska vodohospodárska spoločnosť (TVS), s.r.o. Trenčín. Hospodárenie vodární a kanalizácií...
Uložené v:
| Hlavný autor: | |
|---|---|
| Médium: | Kapitola |
| Jazyk: | Slovak |
| Predmet: | |
| Tagy: |
Žiadne tagy, Buďte prvý, kto otaguje tento záznam!
|
MARC
| LEADER | 00000naa a2200000 4500 | ||
|---|---|---|---|
| 001 | r033299 | ||
| 005 | 20230921102118.7 | ||
| 041 | 0 | |a slo | |
| 044 | |a SK | ||
| 245 | 1 | 0 | |a V Trenčíne začínajú fungovať prvé súkromné vodárne a kanalizácie |c Gabriel Beer |
| 520 | |a Rozhodnutie vlády V. Mečiara o privatizácii odštepného závodu Západoslovenských vodární a kanalizácií (ZVaK), š.p. Bratislava v Trenčíne. Transformácia odštepného závodu. Od októbra 1998 začala fungovať Trenčianska vodohospodárska spoločnosť (TVS), s.r.o. Trenčín. Hospodárenie vodární a kanalizácií v trenčianskom regióne. Zvažovanie vstupu zahraničných partnerov. | ||
| 610 | 2 | 0 | |a vodárenstvo |
| 610 | 2 | 0 | |a kanalizácia |
| 610 | 2 | 0 | |a podnik štátny |
| 610 | 2 | 0 | |a privatizácia |
| 610 | 2 | 0 | |a investície zahraničné |
| 610 | 2 | 0 | |a investície zo zahraničia |
| 610 | 2 | 0 | |a Trenčianska vodohospodárska spoločnosť, s.r.o. Trenčín |
| 610 | 2 | 0 | |a vodohospodárstvo |
| 100 | 1 | |a Beer, Gabriel | |